Las intervenciones telefn̤icas en el proceso penal

Detalles Bibliográficos
Autor principal: Casanova Mart,̕ Roser
Formato: Microfilme eBook
Lenguaje:español
Publicado: Barcelona: J.M. Bosch Editor, 2014
Materias:
Acceso en línea:Acceso restringido

MARC

LEADER 00000nam a22000007a 4500
005 20141010003738.0
007 hr|||| |||||
008 141010t2014 es |||||s|||| 00||0 spa d
020 |a 978-84-942709-4-9 
035 |a 12437 
040 |a vLex 
090 |c 5210  |d 5210 
100 1 |a Casanova Mart,̕ Roser 
245 1 4 |a Las intervenciones telefn̤icas en el proceso penal  |h [Recurso electrn̤ico] /  |c Roser Casanova Mart̕ 
256 |a Servicio en ln̕ea 
260 |a Barcelona:  |b J.M. Bosch Editor,  |c 2014 
300 |a 1 recurso electrn̤ico 
500 |a Es increb̕le que despuš de tres dčadas de doctrina jurisprudencial con una interpretacin̤ –en muchas ocasiones bien delimitada- de las intervenciones telefn̤icas, en la prc̀tica judicial sigamos encontrǹdonos con irregularidades. Ms̀ sorprendente es que los tribunales ordinarios no las resuelvan correctamente y obliguen, en l︢tima instancia, a intervenir al Tribunal Supremo, al Tribunal Constitucional y al Tribunal Europeo de Derechos Humanos. Es muy probable que todas las dificultades en relacin̤ con las escuchas telefn̤icas se deban en gran medida a la defectuosa regulacin̤ del art. 579 LECrim, con amplias y significativas lagunas legales. En la prc̀tica, esta deficiente normativa ha originado que haya tenido que ser la jurisprudencia de nuestros altos tribunales la que se haya encargado de resolver la problemt̀ica de la limitacin̤ del derecho al secreto de las comunicaciones con la diligencia de intervencin̤ telefn̤ica, creando, en la mayora̕ de casos, una doctrina uniforme. Esta monografa̕, al hilo de todos y cada uno de los problemas que plantean las intervenciones telefn̤icas en el proceso penal, analiza y sistematiza las soluciones que han formulado doctrina y jurisprudencia, lo que permite a su autora dar su opinin̤ crt̕ica sobre todas las cuestiones que plantea esta compleja diligencia de investigacin̤ penal. 
506 1 |a Disponible solo en los productos indicados  |d vLex Global  |d vLex Global (Academic Edition, excluding Law Schools)  |d vLex Global (U.S. Academic Edition, Law Schools)  |d vLex Global (U.S. Academic Edition, excluding Law Schools)  |d vLex Global (Academic Edition, Law Schools) 
650 0 4 |a Derecho Civil  |z Espaą 
650 0 4 |a Derecho Penal  |z Espaą 
740 0 |a vLex Libros (Servicio en ln̕ea) 
856 4 0 |u http://vlex.com/source/intervenciones-telefonicas-en-el-proceso-penal-12437  |z Acceso restringido 
942 |c BOOK 
999 0 |a Civil Law 
999 0 |a Criminal Law